[Event "WchT (Women) 6th"]
[Site "Khanty-Mansiysk"]
[Date "2017.06.18"]
[Round "2.2"]
[White "Tan, Zhongyi"]
[Black "Zhukova, Natalia"]
[Result "1-0"]
[WhiteElo "2517"]
[BlackElo "2449"]
[Annotator "Yermolinsky,A"]
[PlyCount "85"]
[EventDate "2017.06.17"]
[EventType "team-tourn"]
[EventRounds "9"]
[EventCountry "RUS"]
[SourceTitle "CBM 179"]
[Source "ChessBase"]
[SourceDate "2017.07.12"]
[SourceVersion "1"]
[SourceVersionDate "2017.07.12"]
[SourceQuality "1"]
[WhiteTeam "China (W)"]
[BlackTeam "Ukraine (W)"]
[WhiteTeamCountry "CHN"]
[BlackTeamCountry "UKR"]

1. c4 c6 2. d4 d5 3. Nf3 Nf6 4. Nc3 e6 5. Bg5 Nbd7 6. e3 Qa5 7. cxd5 Nxd5 8.
Rc1 Nxc3 9. bxc3 Ba3 10. Rc2 b6 11. Be2 Ba6 12. O-O Bxe2 13. Qxe2 O-O 14. Rd1
Rfe8 15. Bf4 Rac8 16. c4 Bf8 17. e4 c5 18. d5 e5 19. Bc1 Qa4 20. Rd3 Nf6 21.
Ne1 g6 22. Rb3 Qd7 23. Nd3 Nh5 24. h3 Bd6 25. Qg4 {Tan has emerged with a
stable advantage based on a superior pawn structure, and, naturally, White is
seeking a queen trade.} f5 $1 {A great reply from Zhukova.} 26. exf5 Nf6 ({
After the simple recapture} 26... Qxf5 {White is unable to stop e5-e4, and her
advantage is very much in doubt.}) 27. Qh4 Qxf5 $2 {Now this is a fatal mistake
} (27... e4 $8 28. Nf4 Qxf5 29. Re2 b5 $3 (29... g5 $2 30. Rg3) 30. Rxb5 g5 31.
g4 Qe5 32. Qh6 {[#] What a mess. Don't ask me what's going on here, the only
thing I can see is that} Bf8 {doesn't win the queen on account of} 33. Ng6 $3)
28. g4 $1 Qf3 29. Ne1 Qd1 {That queen is not coming back home.} 30. Kf1 Nxd5
31. Rd3 $18 {And I'll skip the rest of the moves.} Qxd3+ 32. Nxd3 e4 33. Ne1
Nb4 34. Re2 Nc6 35. g5 Nd4 36. Rxe4 Rf8 37. Rxd4 cxd4 38. Qxd4 Bc5 39. Qd5+ Rf7
40. Nd3 Kf8 41. Nxc5 bxc5 42. Bf4 Kg8 43. Be3 1-0